| 000 | 00604 a2200181 4500 | ||
|---|---|---|---|
| 999 |
_c2706 _d2706 |
||
| 020 | _a9781439081457 | ||
| 050 | 0 | 0 | _aJF1351 STA 2011 |
| 100 | 1 | _aStarling, Grover. | |
| 245 | 1 | 0 |
_aManaging the public sector / _cGrover Starling. |
| 250 | _a9th ed. | ||
| 264 |
_aBoston _bWadsworth _c2011 |
||
| 300 |
_axvii, 596 p. : _bill. ; |
||
| 500 | _aPublic sector | ||
| 504 | _aIncludes bibliographical references and index. | ||
| 650 | 0 | _aPublic administration. | |
| 942 |
_2lcc _cBK _e9th ed. _h1351 _iSTA _kJF |
||